UM Logo

Profeciency of clinical instructors and the level of scholastic achievements of the UMDB BSN students/ (Record no. 2768)

MARC details
000 -LEADER
fixed length control field 00605nam a22001577a 4500
008 - FIXED-LENGTH DATA ELEMENTS--GENERAL INFORMATION
fixed length control field 160526b xxu||||| |||| 00| 0 eng d
082 ## - DEWEY DECIMAL CLASSIFICATION NUMBER
Edition number 2007
Classification number UT 0074
Item number F66
100 ## - MAIN ENTRY--PERSONAL NAME
9 (RLIN) 9166
Personal name Florenosos, Ronnel C.
245 ## - TITLE STATEMENT
Title Profeciency of clinical instructors and the level of scholastic achievements of the UMDB BSN students/
Statement of responsibility, etc. Ronnel C. Flrenosos, Sheryl C. Cortado and Madel G. Gingco.
260 ## - PUBLICATION, DISTRIBUTION, ETC. (IMPRINT)
Place of publication, distribution, etc. Digos City:
Name of publisher, distributor, etc. UMDC
Date of publication, distribution, etc. October 2007.
300 ## - PHYSICAL DESCRIPTION
Extent 30 pages;
Dimensions 28 cm.
650 #0 - SUBJECT ADDED ENTRY--TOPICAL TERM
9 (RLIN) 9164
Topical term or geographic name as entry element Nursing
General subdivision Undergraduate thesis.
700 ## - ADDED ENTRY--PERSONAL NAME
9 (RLIN) 9162
Personal name Cortado, Sheryl C.
700 ## - ADDED ENTRY--PERSONAL NAME
9 (RLIN) 9163
Personal name Gingco, Madel G.
942 ## - ADDED ENTRY ELEMENTS (KOHA)
Source of classification or shelving scheme Dewey Decimal Classification
Koha item type Undergraduate Thesis
Holdings
Withdrawn status Lost status Source of classification or shelving scheme Damaged status Not for loan Collection code Home library Current library Date acquired Total Checkouts Full call number Barcode Date last seen Price effective from Koha item type
    Dewey Decimal Classification     Undergraduate Theses UM Digos College - LIC UM Digos College - LIC 05/26/2016   UT 0074 F66 2007 UT0074 05/26/2016 05/26/2016 Undergraduate Thesis